000 00324nam a2200145Ia 4500
008 200305s9999 xx 000 0 und d
082 _a150.724
082 _bWOE
100 _aWOODWORTH
245 _aEXPERIMENTAL PSYCHOLOGY
260 _aNEW DELHI
_bSURJEET PUB
300 _a948
650 _aPSYCHOLOGY
999 _c34478
_d34478
041 _aeng